| 000 | 00886cam a2200277 a 4500 | ||
|---|---|---|---|
| 001 | 770012 | ||
| 003 | ARRUPE | ||
| 005 | 20151020143844.0 | ||
| 008 | 890802s1915 nyu 000 1 eng d | ||
| 035 | _a(OCoLC)664804 | ||
| 035 | _a(OCoLC)ocm00664804 | ||
| 035 | _a(CStRLIN)NYCG89-B56585 | ||
| 035 | _a(NNC)770012 | ||
| 040 |
_aNNC _cNNC |
||
| 041 | 1 |
_aeng _hrus |
|
| 090 |
_aPG3463 _b.A15 1915g |
||
| 100 | 1 |
_aGorky, Maxim, _d1868-1936. _920375 |
|
| 245 | 1 | 0 |
_aChelkash and other stories / _cMaxim Gorky. |
| 260 |
_aLondon : _bHodder and Stoughton, _c1915. |
||
| 300 |
_aix, 244 p. ; _c19 cm. |
||
| 440 |
_aGreat Russian fiction _920376 |
||
| 505 | 0 | _aPreface -- Comrades -- One autumn night -- In the steppe -- Twenty-six of us and one other -- The green kitten -- A rolling stone -- Her lover -- Chums. | |
| 740 | 0 | 1 | _aChelkash. |
| 942 |
_2lcc _cMONOGRAPH |
||
| 999 |
_c123558 _d123558 |
||